000 00380nam a2200133Ia 4500
008 220216s9999 xx 000 0 und d
100 _aDevos K M
245 0 _aExtended genetic maps of the homoeologus group 3 chromosomes of wheat, rye and barley
260 _bTheoretical and Applied Genetics
_c1993
300 _a649-652
650 _aRFLP
700 _aGale M D
942 _cJS
999 _c59182
_d59182